| 000 | 00909nam a2200205 u 4500 | ||
|---|---|---|---|
| 001 | 000376280 | ||
| 003 | AM-YeHGA | ||
| 005 | 20250617132030.0 | ||
| 008 | 041102s1986 ru d||||||||||||0|||rus d | ||
| 040 | _aAM-YeHGA | ||
| 041 | 0 | _arus | |
| 100 | 1 | _aБекмаханова, Наиля Ермухановна. | |
| 245 | 1 | 0 |
_aМногонациональное население Казахстана и Киргизии в эпоху капитализма (60-е годы XIX в. - 1917 г.) / _cН.Е. Бекмаханова ; Отв. ред. В.М. Кабузан ; АН СССР. Ин-т истории СССР. |
| 260 |
_aМосква : _bНаука, _c1986. |
||
| 300 | _a243 с. | ||
| 650 | 1 | 4 | _aОбщая статистика, демография |
| 700 | 1 |
_aКабузан, В.М. _eотв. ред. _4edt |
|
| 710 | 2 | _aИнститут истории СССР АН СССР | |
| 090 | _c145179 | ||
| 999 |
_c143798 _d143798 |
||